000 00762nam a2200217 i 4500
001 23702
003 ES-MaACL
005 20250715031645.0
007 t|
008 021212s1905 sp ||||1| spa d
080 _a72(460.285 T.)
100 1 _aAmador de los Ríos y Fernández de Villalta, Rodrigo.
_9149674
245 1 0 _aToledo /
_cpor Rodrigo Amador de los Ríos.
260 _aMadrid :
_b[s.n.],
_c1905 (
_fImp. de Antonio G. Izquierdo)
300 _aVIII, 456 p., [58] h. de lám. col. y n. :
_bil., planos ;
_c44 cm.
490 1 _aMonumentos Arquitectónicos de España
650 4 _aArquitectura-
_zToledo.
_9150895
830 0 0 _aMonumentos arquitectónicos de España
_9187641
852 _aES-MaACL
_jB-8106
999 _c23702
_d23702